000 01897nam0a2200337 4500
001 RU\NLR\bibl\902429
005 20260409063342.0
010 _a5-482-00627-1
_93000
021 _aRU
_b2005-84545
_94186
035 _a(NLR Aleph) 000890861
090 _a1717502
_c1717502
100 _a20060201d2006 |||y0rusy50 ca
101 0 _arus
102 _aRU
105 _ay |||||||||
200 1 _aКомментарий к Гражданскому кодексу Российской Федерации. Часть первая [т.е. части первой] (постатейный)
_f[А.К. Губаева, к.ю.н., доц. и др.]
_gпод ред. д.ю.н., проф. Н.Д. Егорова, д.ю.н., проф. А.П. Сергеева
205 _aИзд. 3-е, перераб. и доп.
210 _aМосква
_cПроспект
_cКодекс
_d2006
215 _a891 с.
_d22
604 _171001$aРоссийская Федерация
_150011$aГражданский кодекс$jКомментарии$2nlr_sh2$3RU\NLR\AUTH\661284044
_aРоссийская Федерация
_tГражданский кодекс
_jКомментарии
_92127648
_3RU\NLR\AUTH\661284044
604 _171001$aРоссийская Федерация. Законы
_150011$aГражданский...$2psbo
_aРоссийская Федерация. Законы
_tГражданский...
686 _aХ623-324.9(2Р)
701 1 _aГубаева
_bА. К.
_4070
702 1 _4340
_8rus
_7ca
_aЕгоров
_bН. Д.
_cд-р юрид. наук
_f1947-
_gНиколай Дмитриевич
_3RU\NLR\auth\7733239
_916247
741 1 _aРоссийская Федерация
_tЗаконы
_iГражданский кодекс
_3RU\NLR\AUTH\880379476
_9425336
801 0 _aRU
_bNLR
_c20060201
_grcr
801 1 _aRU
_bNLR
_c20060201
942 _cBOOK
980 _aNB